Návrh aplikácie metódy samohodnotenia pre proces vzdelávania na Slovenskej technickej univerzite

Hlavné zásady aplikácie systému manažérstva kvality na Slovenskej technickej univerzite. Hodnotenie a preverenie funkčnosti systému manažérstva kvality vzdelávania na univerzite. Návrh aplikácie metódy samohodnotenia pre proces vzdelávania na STU. Základné zložky samohodnotenia. Algoritmus aplikácie...

Descrizione completa

Salvato in:
Dettagli Bibliografici
Autore principale: Hekelová, Edita
Altri autori: Paulová, Iveta
Natura: Capitolo di libro
Lingua:slovacco
Soggetti:
Tags: Aggiungi Tag
Nessun Tag, puoi essere il primo ad aggiungerne!!

MARC

LEADER 00000naa$a2200000$$$4500
001 0037681
005 20231011134827.3
041 0 |a slo 
044 |a SK 
245 1 0 |a Návrh aplikácie metódy samohodnotenia pre proces vzdelávania na Slovenskej technickej univerzite  |c Edita Hekelová, Iveta Paulová 
520 |a Hlavné zásady aplikácie systému manažérstva kvality na Slovenskej technickej univerzite. Hodnotenie a preverenie funkčnosti systému manažérstva kvality vzdelávania na univerzite. Návrh aplikácie metódy samohodnotenia pre proces vzdelávania na STU. Základné zložky samohodnotenia. Algoritmus aplikácie metódy samohodnotenia technikou pro forma. 
610 2 0 |a systém riadenia kvality 
610 2 0 |a sebahodnotenie 
610 2 0 |a vzdelávanie 
610 2 0 |a kvalita 
610 2 0 |a metódy 
610 2 0 |a algoritmy 
610 2 0 |a Slovenská technická univerzita v Bratislave 
100 1 |a Hekelová, Edita 
700 1 |a Paulová, Iveta